Regionale Entwicklungspotentiale und -engpasse in den neuen Ländern.

Vykazovanie potenciálu resp. problémových miest rozvoja v rozvojových regiónoch nových spolkových krajín v SRN, ako aj regionálnych disparít. Nástroje resp. opatrenia na využívanie potenciálu k riešeniu problémov nedostatku a odbúravaniu existujúcich disparít.

Enregistré dans:
Détails bibliographiques
Auteur principal: Irmen, E.
Autres auteurs: Sinz, M.
Format: Chapitre de livre
Langue:allemand
Sujets:
Tags: Ajouter un tag
Pas de tags, Soyez le premier à ajouter un tag!

MARC

LEADER 00000naa a2200000 4500
001 r010857
005 20221130103258.2
041 0 |a ger 
044 |a DE 
245 1 0 |a Regionale Entwicklungspotentiale und -engpasse in den neuen Ländern.  |c E. Irmen, M. Sinz 
520 |a Vykazovanie potenciálu resp. problémových miest rozvoja v rozvojových regiónoch nových spolkových krajín v SRN, ako aj regionálnych disparít. Nástroje resp. opatrenia na využívanie potenciálu k riešeniu problémov nedostatku a odbúravaniu existujúcich disparít. 
610 2 0 |a rozvoj regionálny 
610 2 0 |a regióny 
610 2 0 |a Nemecko 
610 2 0 |a rozvoj hospodársky 
100 1 |a Irmen, E. 
700 1 |a Sinz, M.